Văn phạm tiếng Nhật trung cấp, tập 2

Wedi'i Gadw mewn:
Manylion Llyfryddiaeth
Fformat: Llyfr
Cyhoeddwyd: 2007
Tagiau: Ychwanegu Tag
Dim Tagiau, Byddwch y cyntaf i dagio'r cofnod hwn!
Thư viện lưu trữ: Mạng thư viện Đại học Đà Nẵng
LEADER 00464nam a22001811a 4500
001 000038783
003 15078
005 20160412021449.0
008 160412s2007 000
082 |a 4N(07)634-38 
245 |a Văn phạm tiếng Nhật trung cấp, tập 2  |c Trần Việt Thanh 
260 |c 2007 
OWN |a LNN 
999 |a From the UDN01 
TYP |a Monograph 
980 |a Mạng thư viện Đại học Đà Nẵng